|
|
|
|
| LEADER |
02259nam a2200433 a 4500 |
| 001 |
EBC3138161 |
| 003 |
MiAaPQ |
| 005 |
20200520144314.0 |
| 006 |
m o d | |
| 007 |
cr cn||||||||| |
| 008 |
080724s2009 nyuab sb 001 0 eng d |
| 010 |
|
|
|z 2008032878
|
| 020 |
|
|
|z 9780801446443 (cloth : alk. paper)
|
| 020 |
|
|
|z 0801446449 (cloth : alk. paper)
|
| 020 |
|
|
|z 9780801475078 (pbk. : alk. paper)
|
| 020 |
|
|
|z 0801475074 (pbk. : alk. paper)
|
| 020 |
|
|
|a 9780801461637 (electronic bk.)
|
| 035 |
|
|
|a (MiAaPQ)EBC3138161
|
| 035 |
|
|
|a (Au-PeEL)EBL3138161
|
| 035 |
|
|
|a (CaPaEBR)ebr10468040
|
| 035 |
|
|
|a (OCoLC)732957129
|
| 040 |
|
|
|a MiAaPQ
|c MiAaPQ
|d MiAaPQ
|
| 050 |
|
4 |
|a HC79.C63
|b H55 2009
|
| 082 |
0 |
4 |
|a 381.3/4
|2 22
|
| 100 |
1 |
|
|a Hilton, Matthew.
|
| 245 |
1 |
0 |
|a Prosperity for all
|h [electronic resource] :
|b consumer activism in an era of globalization /
|c Matthew Hilton.
|
| 260 |
|
|
|a Ithaca :
|b Cornell University Press,
|c 2009.
|
| 300 |
|
|
|a xi, 315 p. :
|b ill., map.
|
| 504 |
|
|
|a Includes bibliographical references (p. [255]-305) and index.
|
| 505 |
0 |
|
|a Introduction : the wealth of access -- The fear of fortune : the uneasy consumer in an age of affluence -- Cold war shoppers : consumerism as state project -- Poverty amid prosperity : consumer protest beyond the affluent west -- Consumers of the world unite : consumption and the new global order -- The all-consuming network : the politics of protest in an age of consumption -- Backlash : the corporate critique of consumerism -- Choose life : consumer rights versus human rights -- Shopping for justice : the freedom of free trade -- Conclusion : the poverty of choice.
|
| 533 |
|
|
|a Electronic reproduction. Ann Arbor, MI : ProQuest, 2015. Available via World Wide Web. Access may be limited to ProQuest affiliated libraries.
|
| 650 |
|
0 |
|a Consumer protection
|x Political aspects.
|
| 650 |
|
0 |
|a Consumption (Economics)
|x Political aspects.
|
| 650 |
|
0 |
|a Consumer satisfaction
|x Political aspects.
|
| 650 |
|
0 |
|a Consumer behavior
|x Political aspects.
|
| 650 |
|
0 |
|a Globalization
|x Political aspects.
|
| 655 |
|
4 |
|a Electronic books.
|
| 710 |
2 |
|
|a ProQuest (Firm)
|
| 856 |
4 |
0 |
|u https://ebookcentral.proquest.com/lib/matrademy/detail.action?docID=3138161
|z Click to View
|